000 00325nam a22001217a 4500
008 140202b xxu||||| |||| 00| 0 eng d
100 _9185
_aWitt, Ray De
245 _aIELTS How to Prepare for
_c/ Ray De Witt
260 _bBritish Council,
_cc2003.
300 _a100p
650 0 _956
_aEnglish
_xGrammar study
942 _2ddc
_cBK
999 _c131
_d131